Hướng dẫn tập viết chữ Hán (biên soạn theo bộ giáo trình 301 câu đàm thoại tiếng Hoa) /

Các chữ được viết trong giáo trình; Các bộ thủ đã được viết trong giáo trình; Một số chữ và thiên bàng khó đếm số nét...

Gorde:
Xehetasun bibliografikoak
Egile nagusia: Trương Văn Giới.
Beste egile batzuk: Lê Khắc Kiều Lục.
Formatua: Liburua
Hizkuntza:Vietnamese
Chinese
Argitaratua: Tp.HCM : Đại học Quốc gia Tp.HCM, 2001.
Gaiak:
Etiketak: Etiketa erantsi
Etiketarik gabe, Izan zaitez lehena erregistro honi etiketa jartzen!
Thư viện lưu trữ: Mạng thư viện Đại học Đà Nẵng
LEADER 01447nam a2200361 a 4500
001 000041613
003 18662
005 20220720080635.0
008 171030s2001
020 |c 12000 
040 |a Lnn  |c Lnn  |d Lnn 
041 0 |a vie  |a chi 
082 1 4 |a 495.11  |b TR-G 
100 1 |a Trương Văn Giới. 
245 1 0 |a Hướng dẫn tập viết chữ Hán (biên soạn theo bộ giáo trình 301 câu đàm thoại tiếng Hoa) /  |c Trương Văn Giới, Lê Khắc Kiều Lục. 
260 |a Tp.HCM :  |b Đại học Quốc gia Tp.HCM,  |c 2001. 
300 |a 183 tr. ;  |c 20,5 cm. 
500 |a Biên soạn theo bộ giáo trình 301 câu đàm thoại tiếng Hoa. 
520 3 |a Các chữ được viết trong giáo trình; Các bộ thủ đã được viết trong giáo trình; Một số chữ và thiên bàng khó đếm số nét... 
630 0 4 |a Hoa ngữ. 
630 0 4 |a Hoa ngữ (Tập viết) 
650 0 4 |a Hoa ngữ. 
700 1 |a Lê Khắc Kiều Lục. 
OWN |a LNN 
902 |a TKR 
AVA |a UDN50  |b LNN  |c Chinese  |d 495.11 TR-G  |e available  |t Error 5001 Not defined in file expand_doc_bib_avail.  |f 7  |g 0  |h N  |i 1  |j TN 
999 |a From the UDN01 
AVA |a UDN50  |b LNN  |c Chinese  |d 495.11 TR-G  |e available  |t Error 5001 Not defined in file expand_doc_bib_avail.  |f 7  |g 0  |h N  |i 1  |j TN 
TYP |a Monograph 
TYP |a Printed language 
980 |a Mạng thư viện Đại học Đà Nẵng